| 000 | 00355nam a2200145Ia 4500 | ||
|---|---|---|---|
| 008 | 230917s9999||||xx |||||||||||||| ||und|| | ||
| 040 |
_e181186 _aMAIN |
||
| 041 | _aEnglish | ||
| 082 | _a515 S51S | ||
| 100 | _aSomasundaram, D | ||
| 245 | 0 | _aSecond course in mathematical analysis | |
| 260 |
_aNew Delhi _bNarosa _c2010 |
||
| 300 | _av p. | ||
| 942 | _cBK | ||
| 999 |
_c165539 _d165539 |
||